Представление документа в формате MARC21

Поле Инд. ПП Название Значение
Тип записи a
Библиографический уровень m
001 Контрольный номер e9e4d803-11f5-4cb0-9c24-b91d2ee41642
005 Дата корректировки 20140703135332.6
008 Кодируемые данные 050427
020 a ISBN 5-8192-0198-1
c Цена, тираж 47.00
040 a Служба первич. каталог. НБ ТвГУ
041 a Код языка текста rus
080 a Индекс УДК 025.5(063)
a Индекс УДК 316.77(063)
084 a Индекс другой классификации/Индекс ББК Ч730.036я431
a Индекс другой классификации/Индекс ББК С521.2я431
090 x Авторский знак В84
a Полочн. индекс Ч730.0
245 10 a Заглавие Всемирный Саммит по информационному обществу
b Продолж. заглавия [сб. документов]
c Ответственность Рос. ком. Программы ЮНЕСКО "Информация для всех", Рос. библ. ассоц., Рос. нац. б-ка ; сост. Е. И. Кузьмин, В. Р. Фирсов
260 0_ a Место издания СПб
b Издательство Российская национальная б-ка
c Дата издания 2004
300 a Объем 135 с.
b Иллюстрации/ тип воспроизводства табл.
583 a Действие Получение впервые 128 26.04.2005
k Исполнитель действия Дар РБА
650 a Основная рубрика Библиотеки
x Основная подрубрика Научно-информационная деятельность
650 a Основная рубрика Библиотечное дело
650 a Основная рубрика Информационное общество
x Основная подрубрика Социология
653 a Ключевые слова Библиотеки в системе информационных служб
a Ключевые слова Библиотечное дело
a Ключевые слова Научно-информационная деятельность библиотек
a Ключевые слова Информационное общество
a Ключевые слова Саммиты
a Ключевые слова Сборники
700 1_ a Другие авторы Кузьмин Евгений Иванович
e Роль лиц сост.
700 1_ a Другие авторы Фирсов Владимир Руфинович
e Роль лиц сост.
852 t Порядковый номер экземпляра 1
p Инвентарный номер 805349
888 a Бесплатные
930 a Новая/Ретро сборники
952 p 128.2005 47.00 1 805349
c Вид литературы К рн
954 a Дата поступления на обработку 20050829
999 a Подразделение 2 ОМСО